[Event "3MCR_4D_2LA_3S"]
[Site "?"]
[Date "1999.??.??"]
[Round "3"]
[White "Rybak, David"]
[Black "Grulich, Jiri"]
[Result "0-1"]
[WhiteElo "1800"]
[BlackElo "2000"]
[PlyCount "34"]
[EventDate "1999.??.??"]
[EventType "corr"]

1. e4 e6 2. d4 d5 3. Nd2 c5 4. exd5 Qxd5 5. Ngf3 cxd4 6. Bc4 Qd6 7. O-O Nf6 8.
Nb3 Nc6 9. Nbxd4 Nxd4 10. Nxd4 a6 11. Bb3 Qc7 12. Qf3 Be7 13. Re1 Bd7 14. Bf4
Qb6 15. Rad1 O-O 16. Nf5 exf5 17. Rxe7 Bc6 0-1

[Event "3MCR_4D_2LA_3S"]
[Site "?"]
[Date "1999.??.??"]
[Round "3"]
[White "Rybak, David"]
[Black "Ederer, Karel"]
[Result "0-1"]
[WhiteElo "1800"]
[BlackElo "2115"]
[PlyCount "36"]
[EventDate "1999.??.??"]
[EventType "corr"]

1. e4 e5 2. Nf3 Nc6 3. Bc4 Nf6 4. d4 exd4 5. e5 d5 6. Bb5 Ne4 7. Nxd4 Bc5 8.
Be3 Bd7 9. Bxc6 bxc6 10. Nd2 Qe7 11. Nxe4 dxe4 12. e6 fxe6 13. Qh5+ g6 14. Qe5
O-O-O 15. Nxc6 Bxc6 16. Bxc5 Qd7 17. O-O a6 18. c4 Bb7 0-1

[Event "3MCR_4D_2LA_3S"]
[Site "?"]
[Date "1999.??.??"]
[Round "3"]
[White "Rybak, David"]
[Black "Vilimek, Pavel"]
[Result "0-1"]
[WhiteElo "1800"]
[BlackElo "2000"]
[PlyCount "36"]
[EventDate "1999.??.??"]
[EventType "corr"]

1. e4 e5 2. Nf3 Nc6 3. Bc4 Nf6 4. d4 exd4 5. e5 Ne4 6. O-O d5 7. exd6 Nxd6 8.
Bd5 Nf5 9. Re1+ Be7 10. Bxc6+ bxc6 11. g4 Nh6 12. Bxh6 gxh6 13. Qxd4 Qxd4 14.
Nxd4 Kf8 15. Nxc6 Bf6 16. Nc3 Bxc3 17. bxc3 Bxg4 18. f4 Bd7 0-1

[Event "3MCR_4D_2LA_3S"]
[Site "?"]
[Date "1999.??.??"]
[Round "3"]
[White "Stanek, Miroslav"]
[Black "Rybak, David"]
[Result "1-0"]
[WhiteElo "2000"]
[BlackElo "1800"]
[PlyCount "39"]
[EventDate "1999.??.??"]
[EventType "corr"]

1. d4 d5 2. Nf3 Nc6 3. Bf4 Bg4 4. e3 e6 5. Be2 Nf6 6. O-O Bd6 7. Nbd2 Bxf4 8.
exf4 Qd6 9. g3 O-O 10. c3 Nd7 11. Re1 Ne7 12. Kg2 c5 13. dxc5 Nxc5 14. h3 Bf5
15. Nh4 Nd3 16. Bxd3 Bxd3 17. Ndf3 Qa6 18. Nd4 Nc6 19. Nb3 Bc4 20. Nf3 1-0

[Event "3MCR_4D_2LA_3S"]
[Site "?"]
[Date "1999.??.??"]
[Round "3"]
[White "Paukert, Martin"]
[Black "Rybak, David"]
[Result "1-0"]
[WhiteElo "1985"]
[BlackElo "1800"]
[PlyCount "35"]
[EventDate "1999.??.??"]
[EventType "corr"]

1. e4 e5 2. Nc3 Nf6 3. Bc4 Nxe4 4. Qh5 Nd6 5. Bb3 Be7 6. Nf3 Nc6 7. Nxe5 g6 8.
Nxc6 dxc6 9. Qd1 Nf5 10. d3 O-O 11. Bd2 Bd6 12. Ne4 Re8 13. O-O Nd4 14. Re1 Bf5
15. Bg5 Be7 16. Bxe7 Qxe7 17. c3 Nxb3 18. Qxb3 1-0

[Event "3MCR_4D_2LA_3S"]
[Site "?"]
[Date "1999.??.??"]
[Round "3"]
[White "Gresek, Jaromir"]
[Black "Kracik, Milan"]
[Result "1-0"]
[WhiteElo "1800"]
[BlackElo "1800"]
[PlyCount "39"]
[EventDate "1999.??.??"]
[EventType "corr"]

1. e4 c5 2. Nf3 e6 3. d4 cxd4 4. Nxd4 Nf6 5. Nc3 d6 6. Be3 a6 7. Qd2 Be7 8. f3
Nc6 9. g4 O-O 10. O-O-O Nxd4 11. Bxd4 b5 12. h4 Nd7 13. Kb1 Bb7 14. g5 b4 15.
Ne2 d5 16. e5 a5 17. g6 hxg6 18. h5 gxh5 19. Rxh5 g6 20. Qh6 1-0

[Event "3MCR_4D_2LA_3S"]
[Site "?"]
[Date "1999.??.??"]
[Round "3"]
[White "Hrubant, Miloslav"]
[Black "Kracik, Milan"]
[Result "1-0"]
[WhiteElo "1800"]
[BlackElo "1800"]
[PlyCount "39"]
[EventDate "1999.??.??"]
[EventType "corr"]

1. e4 c5 2. Nf3 Nc6 3. Bc4 e6 4. d4 cxd4 5. Nxd4 Nf6 6. Nc3 Bb4 7. O-O O-O 8.
Bg5 Bxc3 9. bxc3 Na5 10. Bd3 h6 11. Bh4 d6 12. f4 e5 13. fxe5 dxe5 14. Bxf6
gxf6 15. Qh5 Kg7 16. Rf3 exd4 17. Rg3+ Kh7 18. e5+ f5 19. Rh3 Qb6 20. e6 1-0

[Event "3MCR_4D_2LA_3S"]
[Site "?"]
[Date "1999.??.??"]
[Round "3"]
[White "Bares, Jiri"]
[Black "Ederer, Karel"]
[Result "1-0"]
[WhiteElo "2155"]
[BlackElo "2115"]
[PlyCount "75"]
[EventDate "1999.??.??"]
[EventType "corr"]

1. d4 Nf6 2. c4 g6 3. Nc3 d5 4. cxd5 Nxd5 5. e4 Nxc3 6. bxc3 Bg7 7. Bc4 c5 8.
Ne2 O-O 9. O-O Nc6 10. Be3 Qc7 11. Rc1 Rd8 12. Bf4 Qd7 13. dxc5 Ne5 14. Bxe5
Bxe5 15. Qb3 e6 16. Rcd1 Qc7 17. Rxd8+ Qxd8 18. f4 Bg7 19. f5 Qe7 20. fxe6 Bxe6
21. Bxe6 Qxc5+ 22. Kh1 fxe6 23. Qxe6+ Kh8 24. Qd7 Qc4 25. Qxb7 Rg8 26. Re1 Qxa2
27. Qd5 Qxd5 28. exd5 Re8 29. d6 Re6 30. d7 Bf6 31. c4 Kg7 32. c5 Bd8 33. Kg1
Kf7 34. Rf1+ Ke7 35. Nd4 Ra6 36. c6 Bb6 37. Re1+ Kd6 38. Kf1 1-0

[Event "3MCR_4D_2LA_3S"]
[Site "?"]
[Date "1999.??.??"]
[Round "3"]
[White "Nemec, Zdenek"]
[Black "Bares, Jiri"]
[Result "0-1"]
[WhiteElo "2135"]
[BlackElo "2155"]
[PlyCount "58"]
[EventDate "1999.??.??"]
[EventType "corr"]

1. e4 c5 2. c3 Nf6 3. e5 Nd5 4. d4 cxd4 5. cxd4 d6 6. Nf3 Nc6 7. Bc4 dxe5 8.
Nxe5 e6 9. O-O Be7 10. Nc3 Nxc3 11. Nxc6 Nxd1 12. Nxd8 Nxb2 13. Bxb2 Bxd8 14.
d5 O-O 15. Ba3 Bf6 16. Bxf8 Bxa1 17. Bd6 Bc3 18. Rc1 Ba5 19. Rb1 b6 20. Rc1 Bd7
21. dxe6 Bxe6 22. Bxe6 fxe6 23. f3 Rd8 24. Bf4 Bb4 25. h4 Bc5+ 26. Kf1 Rd5 27.
Rc2 Kf7 28. Rc4 Rd1+ 29. Ke2 Rg1 0-1

[Event "3MCR_4D_2LA_3S"]
[Site "?"]
[Date "1999.??.??"]
[Round "3"]
[White "Bares, Jiri"]
[Black "Novak, Vaclav"]
[Result "1-0"]
[WhiteElo "2155"]
[BlackElo "1740"]
[PlyCount "51"]
[EventDate "1999.??.??"]
[EventType "corr"]

1. d4 Nf6 2. c4 g6 3. Nc3 d5 4. cxd5 Nxd5 5. e4 Nxc3 6. bxc3 Bg7 7. Bc4 c5 8.
Ne2 Nc6 9. Be3 O-O 10. O-O Qc7 11. Rc1 Rd8 12. Bf4 Qa5 13. Qb3 e6 14. d5 exd5
15. Bxd5 Rd7 16. Rcd1 Ne5 17. Bxe5 Bxe5 18. f4 Bg7 19. f5 Qb6 20. fxg6 hxg6 21.
Rxf7 Rxd5 22. Qxd5 Be6 23. Qxb7 Bxf7 24. Qxa8+ Kh7 25. Rd7 Bc4 26. Qf8 1-0

[Event "3MCR_4D_2LA_3S"]
[Site "?"]
[Date "1999.??.??"]
[Round "3"]
[White "Bares, Jiri"]
[Black "Strnad, Jiri"]
[Result "1-0"]
[WhiteElo "2155"]
[BlackElo "1945"]
[PlyCount "49"]
[EventDate "1999.??.??"]
[EventType "corr"]

1. d4 d5 2. c4 Nc6 3. Nf3 Bg4 4. cxd5 Bxf3 5. gxf3 Qxd5 6. e3 e6 7. Nc3 Qh5 8.
Be2 Qg6 9. Bd3 Qg2 10. Ke2 Nb4 11. Bc4 O-O-O 12. Bd2 Nf6 13. Qa4 a6 14. h4 Qg6
15. Rag1 Qh5 16. Rg5 Qh6 17. a3 Nbd5 18. Bxa6 Nb6 19. Qc6 bxa6 20. Na4 Nxa4 21.
Qxa6+ Kd7 22. Qxa4+ c6 23. Ra5 Ke7 24. Ra7+ Nd7 25. Ba5 1-0

[Event "3MCR_4D_2LA_3S"]
[Site "?"]
[Date "1999.??.??"]
[Round "3"]
[White "Efler, Ladislav"]
[Black "Stanek, Miroslav"]
[Result "1-0"]
[WhiteElo "2200"]
[BlackElo "2000"]
[PlyCount "45"]
[EventDate "1999.??.??"]
[EventType "corr"]

1. e4 d5 2. exd5 Nf6 3. c4 c6 4. d4 cxd5 5. Nc3 e6 6. Nf3 g6 7. Bg5 Bg7 8. cxd5
exd5 9. Qe2+ Be6 10. Qb5+ Qd7 11. Ne5 Qxb5 12. Nxb5 Kd8 13. Rc1 Nbd7 14. Nc7
Ke7 15. Nxd7 Kxd7 16. Bb5+ Ke7 17. Nxa8 Rxa8 18. Rc7+ Kf8 19. Rxb7 h6 20. Bf4
Ne4 21. f3 g5 22. Rb8+ Rxb8 23. Bxb8 1-0

[Event "3MCR_4D_2LA_3S"]
[Site "?"]
[Date "1999.??.??"]
[Round "3"]
[White "Hrubant, Miloslav"]
[Black "Bares, Jiri"]
[Result "0-1"]
[WhiteElo "1800"]
[BlackElo "2155"]
[PlyCount "62"]
[EventDate "1999.??.??"]
[EventType "corr"]

1. e4 c5 2. Nf3 d6 3. d4 cxd4 4. Nxd4 Nf6 5. Nc3 g6 6. Be3 Bg7 7. f3 O-O 8. Qd2
Nc6 9. Bc4 Bd7 10. h4 Rc8 11. Bb3 h5 12. O-O-O Ne5 13. Bh6 Nc4 14. Bxc4 Rxc4
15. Bxg7 Kxg7 16. g4 hxg4 17. h5 Rh8 18. hxg6 fxg6 19. f4 e5 20. fxe5 dxe5 21.
Ne6+ Bxe6 22. Qxd8 Rxd8 23. Rxd8 Nxe4 24. Ne2 Rc5 25. Rg1 Kf6 26. Rb8 Bf5 27.
c3 b6 28. Rb7 Ra5 29. Ng3 Rxa2 30. Nxe4+ Bxe4 31. Rxg4 Bxb7 0-1

[Event "3MCR_4D_2LA_3S"]
[Site "?"]
[Date "1999.??.??"]
[Round "3"]
[White "Novak, Vaclav"]
[Black "Ederer, Karel"]
[Result "1/2-1/2"]
[WhiteElo "1740"]
[BlackElo "2115"]
[PlyCount "45"]
[EventDate "1999.??.??"]
[EventType "corr"]

1. Nc3 Nf6 2. e4 e5 3. Nf3 Bb4 4. Nxe5 O-O 5. Be2 Re8 6. Nd3 Bxc3 7. dxc3 Nxe4
8. Nf4 d6 9. O-O Nc6 10. Be3 Bf5 11. a4 Ne5 12. f3 Nc5 13. Qd2 Ng6 14. Nxg6
Bxg6 15. Bf2 Qf6 16. b4 Ne6 17. Bb5 c6 18. Bd3 Bxd3 19. cxd3 d5 20. Rfe1 a6 21.
Bg3 Nf8 22. d4 Re6 23. Be5 1/2-1/2

[Event "3MCR_4D_2LA_3S"]
[Site "?"]
[Date "1999.??.??"]
[Round "3"]
[White "Efler, Ladislav"]
[Black "Novak, Vaclav"]
[Result "1-0"]
[WhiteElo "2200"]
[BlackElo "1740"]
[PlyCount "37"]
[EventDate "1999.??.??"]
[EventType "corr"]

1. e4 d5 2. exd5 Nf6 3. c4 c6 4. d4 cxd5 5. Nc3 Nc6 6. Bg5 Qa5 7. a3 dxc4 8. d5
Ne5 9. Qd4 Nd3+ 10. Bxd3 cxd3 11. Nf3 Bf5 12. Nh4 Bg6 13. Nxg6 hxg6 14. Qxd3
O-O-O 15. Qc4+ Qc7 16. Qa4 Nxd5 17. Nxd5 Rxd5 18. Rc1 Re5+ 19. Kf1 1-0

[Event "3MCR_4D_2LA_3S"]
[Site "?"]
[Date "1999.??.??"]
[Round "3"]
[White "Ederer, Karel"]
[Black "Grulich, Jiri"]
[Result "1-0"]
[WhiteElo "2115"]
[BlackElo "2000"]
[PlyCount "43"]
[EventDate "1999.??.??"]
[EventType "corr"]

1. d4 d5 2. c4 c6 3. Nc3 Nf6 4. e3 e6 5. Nf3 Nbd7 6. Qc2 Bd6 7. g4 dxc4 8. g5
Nd5 9. Bxc4 N7b6 10. Be2 Nxc3 11. bxc3 Nd5 12. Bd2 c5 13. c4 Ne7 14. dxc5 Bc7
15. O-O-O Ng6 16. Bb4 Bd7 17. Qc3 Rg8 18. c6 bxc6 19. Rd3 Qb8 20. Rhd1 Bc8 21.
Qd2 Ba6 22. Rd7 1-0

[Event "3MCR_4D_2LA_3S"]
[Site "?"]
[Date "1999.??.??"]
[Round "3"]
[White "Ederer, Karel"]
[Black "Zidu, Jan"]
[Result "0-1"]
[WhiteElo "2115"]
[BlackElo "2000"]
[PlyCount "66"]
[EventDate "1999.??.??"]
[EventType "corr"]

1. d4 Nf6 2. c4 g6 3. g3 d5 4. cxd5 Nxd5 5. Bg2 Bg7 6. Nf3 O-O 7. O-O Nb6 8.
Nc3 Nc6 9. d5 Na5 10. Qc2 Nxd5 11. Rd1 c6 12. Ng5 e6 13. e4 Nb4 14. Qa4 b5 15.
Rxd8 bxa4 16. Rxf8+ Bxf8 17. Nxa4 f6 18. Nf3 e5 19. Bd2 Be6 20. Bxb4 Bxb4 21.
a3 Nb3 22. Rd1 Be7 23. Nc3 Rb8 24. Nd2 Nd4 25. b4 c5 26. bxc5 Bxc5 27. Nd5 Bxd5
28. exd5 Bxa3 29. Ne4 Kf7 30. f4 a5 31. fxe5 fxe5 32. Nc3 Nf5 33. Rf1 Bc5+ 0-1

[Event "3MCR_4D_2LA_3S"]
[Site "?"]
[Date "1999.??.??"]
[Round "3"]
[White "Ederer, Karel"]
[Black "Hrubant, Miloslav"]
[Result "1-0"]
[WhiteElo "2115"]
[BlackElo "1800"]
[PlyCount "53"]
[EventDate "1999.??.??"]
[EventType "corr"]

1. c4 Nf6 2. Nc3 e6 3. d4 d5 4. Bg5 Be7 5. e3 O-O 6. Nf3 h6 7. Bh4 b6 8. Rc1
Bb7 9. Be2 Nbd7 10. cxd5 exd5 11. O-O c5 12. Qa4 a6 13. dxc5 bxc5 14. Rfd1 Qb6
15. Qb3 Qa7 16. Bg3 Rac8 17. Ne5 Rfd8 18. Bf3 c4 19. Qc2 Nf8 20. Qf5 d4 21.
exd4 Bxf3 22. Nxf3 Ne6 23. d5 Nc5 24. Ne5 Qb7 25. Nxc4 Nb3 26. axb3 Qxb3 27.
Na5 1-0

[Event "3MCR_4D_2LA_3S"]
[Site "?"]
[Date "1999.??.??"]
[Round "3"]
[White "Strnad, Jiri"]
[Black "Zidu, Jan"]
[Result "0-1"]
[WhiteElo "1945"]
[BlackElo "2000"]
[PlyCount "72"]
[EventDate "1999.??.??"]
[EventType "corr"]

1. e4 c5 2. Nf3 d6 3. d4 cxd4 4. Nxd4 Nf6 5. Nc3 a6 6. Bg5 e6 7. f4 Qb6 8. Qd2
Qxb2 9. Nb3 Qa3 10. Bxf6 gxf6 11. Be2 h5 12. O-O Nd7 13. Qd4 b5 14. Bxb5 axb5
15. Nxb5 Qa4 16. Nc7+ Kd8 17. Nxa8 Qxa8 18. c3 Rg8 19. Rfe1 Bb7 20. g3 h4 21.
Qe3 Bh6 22. Red1 Qa6 23. Kf2 e5 24. Nc1 exf4 25. gxf4 Re8 26. Qd3 Rxe4 27. Qxa6
Rxf4+ 28. Kg1 Bxa6 29. Nb3 Rg4+ 30. Kf2 Bf4 31. Rg1 f5 32. h3 Bg3+ 33. Ke3 Re4+
34. Kd2 Re2+ 35. Kd1 Ne5 36. Nd4 Rh2 0-1

[Event "3MCR_4D_2LA_3S"]
[Site "?"]
[Date "1999.??.??"]
[Round "3"]
[White "Zidu, Jan"]
[Black "Efler, Ladislav"]
[Result "1-0"]
[WhiteElo "2000"]
[BlackElo "2200"]
[PlyCount "45"]
[EventDate "1999.??.??"]
[EventType "corr"]

1. e4 c5 2. Nf3 e6 3. d4 cxd4 4. Nxd4 a6 5. Bd3 Bc5 6. Nb3 Ba7 7. O-O Nc6 8.
Qg4 Qf6 9. Nc3 h5 10. Qe2 h4 11. Be3 h3 12. g3 d6 13. Bxa7 Rxa7 14. Rad1 Nge7
15. f4 e5 16. Nd5 Qh6 17. Nxe7 Kxe7 18. Bc4 Qg6 19. Qe3 Ra8 20. Bd5 exf4 21.
Rxf4 Be6 22. Qb6 Nd8 23. Bxb7 1-0

[Event "3MCR_4D_2LA_3S"]
[Site "?"]
[Date "1999.??.??"]
[Round "3"]
[White "Stanek, Miroslav"]
[Black "Bares, Jiri"]
[Result "0-1"]
[WhiteElo "2000"]
[BlackElo "2155"]
[PlyCount "50"]
[EventDate "1999.??.??"]
[EventType "corr"]

1. d4 d5 2. Nf3 Nf6 3. c4 e6 4. Nc3 Be7 5. Bf4 O-O 6. e3 c5 7. Be2 Nc6 8. O-O
cxd4 9. exd4 b6 10. cxd5 Nxd5 11. Nxd5 Qxd5 12. a3 Bb7 13. Be3 Rfd8 14. Rc1 Bf6
15. Bc4 Qd6 16. Ng5 Qe7 17. Nf3 Rac8 18. Re1 Qd6 19. Ng5 Nxd4 20. Qg4 b5 21.
Bd3 Nf3+ 22. Nxf3 Qxd3 23. Rxc8 Rxc8 24. Nd4 h5 25. Rd1 Qxe3 0-1

[Event "3MCR_4D_2LA_3S"]
[Site "?"]
[Date "1999.??.??"]
[Round "3"]
[White "Hrubant, Miloslav"]
[Black "Rybak, David"]
[Result "1-0"]
[WhiteElo "1800"]
[BlackElo "1800"]
[PlyCount "38"]
[EventDate "1999.??.??"]
[EventType "corr"]

1. e4 e5 2. Nf3 Nc6 3. Bb5 f5 4. Nc3 fxe4 5. Nxe4 Nf6 6. Nxf6+ Qxf6 7. Qe2 Be7
8. Bxc6 dxc6 9. Qxe5 Bg4 10. Qxf6 Bxf6 11. d3 O-O-O 12. Ng5 Rhe8+ 13. Ne4 Rxe4+
14. Be3 Bxb2 15. Rb1 Bc3+ 16. Kf1 Ra4 17. f3 Be6 18. h4 Rxa2 19. Rc1 a5 1-0

[Event "3MCR_4D_2LA_3S"]
[Site "?"]
[Date "1999.??.??"]
[Round "3"]
[White "Grulich, Jiri"]
[Black "Paukert, Martin"]
[Result "1/2-1/2"]
[WhiteElo "2000"]
[BlackElo "1985"]
[PlyCount "60"]
[EventDate "1999.??.??"]
[EventType "corr"]

1. d4 d5 2. c4 dxc4 3. Nf3 a6 4. e3 Bg4 5. Bxc4 e6 6. h3 Bh5 7. Nc3 Nf6 8. O-O
Nc6 9. Be2 Bd6 10. b3 O-O 11. Bb2 Qe7 12. Ne5 Bxe2 13. Nxc6 Bxd1 14. Nxe7+ Bxe7
15. Rfxd1 Rfd8 16. Rac1 Rac8 17. Rc2 Nd5 18. Nxd5 exd5 19. Rdc1 Bd6 20. Bc3 f5
21. g3 g5 22. a4 Re8 23. Kg2 Re4 24. Bd2 Kf7 25. b4 Ra8 26. Rb1 Re7 27. b5 axb5
28. axb5 Ra4 29. Rcb2 Ke6 30. Bb4 Re8 1/2-1/2

[Event "3MCR_4D_2LA_3S"]
[Site "?"]
[Date "1999.??.??"]
[Round "3"]
[White "Vilimek, Pavel"]
[Black "Hrubant, Miloslav"]
[Result "1-0"]
[WhiteElo "2000"]
[BlackElo "1800"]
[PlyCount "55"]
[EventDate "1999.??.??"]
[EventType "corr"]

1. c4 e5 2. Nc3 Nc6 3. Nf3 Nf6 4. g3 d5 5. cxd5 Nxd5 6. Bg2 Be6 7. O-O Be7 8.
d4 exd4 9. Nxd4 Nxd4 10. Qxd4 Bf6 11. Qa4+ c6 12. Nxd5 Bxd5 13. Rd1 b5 14. Qa3
Be7 15. Qc3 Bf6 16. Qe3+ Be7 17. Bxd5 cxd5 18. Qe5 O-O 19. Rxd5 Bf6 20. Rxd8
Bxe5 21. Rd5 Bf6 22. Rxb5 Rfc8 23. Rb1 Rc2 24. Kf1 Re8 25. Be3 a6 26. Ra5 Bxb2
27. Rxa6 h6 28. a4 1-0

[Event "3MCR_4D_2LA_3S"]
[Site "?"]
[Date "1999.??.??"]
[Round "3"]
[White "Grulich, Jiri"]
[Black "Kracik, Milan"]
[Result "1/2-1/2"]
[WhiteElo "2000"]
[BlackElo "1800"]
[PlyCount "57"]
[EventDate "1999.??.??"]
[EventType "corr"]

1. d4 f5 2. g3 Nf6 3. Bg2 g6 4. Nf3 Bg7 5. O-O O-O 6. c4 d6 7. Nc3 Qe8 8. d5 a5
9. Nd4 Na6 10. e4 fxe4 11. Nxe4 Nxe4 12. Bxe4 Bh3 13. Bg2 Bxg2 14. Kxg2 Nc5 15.
Re1 c6 16. f4 cxd5 17. cxd5 Rc8 18. Be3 Qf7 19. Qf3 Na6 20. Rad1 Nc7 21. Nb3 a4
22. Na5 b5 23. Bd4 Bxd4 24. Rxd4 Rce8 25. Red1 e6 26. dxe6 Qxe6 27. Rxd6 Qxa2
28. R1d2 Re7 29. Nc6 1/2-1/2

[Event "3MCR_4D_2LA_3S"]
[Site "?"]
[Date "1999.??.??"]
[Round "3"]
[White "Kracik, Milan"]
[Black "Rybak, David"]
[Result "1-0"]
[WhiteElo "1800"]
[BlackElo "1800"]
[PlyCount "39"]
[EventDate "1999.??.??"]
[EventType "corr"]

1. c4 Nf6 2. Nc3 e5 3. g3 d6 4. Bg2 g6 5. e4 Bg7 6. Nge2 Nc6 7. O-O O-O 8. d3
Ne8 9. Be3 Nd4 10. f4 c6 11. Rc1 Nc7 12. b4 Be6 13. Qd2 Qd7 14. Bf2 Nxe2+ 15.
Nxe2 f5 16. Rfd1 fxe4 17. dxe4 Qf7 18. Qc2 a5 19. bxa5 Rxa5 20. Bb6 1-0

[Event "3MCR_4D_2LA_3S"]
[Site "?"]
[Date "1999.??.??"]
[Round "3"]
[White "Novak, Vaclav"]
[Black "Grulich, Jiri"]
[Result "1-0"]
[WhiteElo "1740"]
[BlackElo "2000"]
[PlyCount "43"]
[EventDate "1999.??.??"]
[EventType "corr"]

1. Nc3 e6 2. e4 d5 3. d4 Nf6 4. e5 Nfd7 5. f4 c5 6. Nf3 Nc6 7. Be3 cxd4 8. Nxd4
Bc5 9. Qd2 Nxd4 10. Bxd4 Bxd4 11. Qxd4 Qb6 12. Nb5 Qxd4 13. Nxd4 Ke7 14. O-O-O
g5 15. g3 f6 16. Bh3 gxf4 17. gxf4 Nc5 18. Rhg1 Rf8 19. Rg7+ Rf7 20. Rg8 f5 21.
Rdg1 a6 22. Rh8 1-0

[Event "3MCR_4D_2LA_3S"]
[Site "?"]
[Date "1999.??.??"]
[Round "3"]
[White "Strnad, Jiri"]
[Black "Hrubant, Miloslav"]
[Result "1/2-1/2"]
[WhiteElo "1945"]
[BlackElo "1800"]
[PlyCount "72"]
[EventDate "1999.??.??"]
[EventType "corr"]

1. e4 c5 2. Nf3 d6 3. d4 cxd4 4. Nxd4 Nf6 5. Nc3 a6 6. Bg5 e6 7. f4 h6 8. Bh4
Be7 9. Bg3 b5 10. Bd3 Bb7 11. e5 Nd5 12. Nxd5 Bxd5 13. O-O Nc6 14. Nxc6 Qb6+
15. Kh1 Qxc6 16. Qe2 O-O 17. b3 b4 18. Be1 dxe5 19. fxe5 a5 20. Bd2 f5 21. exf6
Bxf6 22. Rad1 Kh8 23. a3 bxa3 24. c4 Bxg2+ 25. Qxg2 Qxg2+ 26. Kxg2 a2 27. Rxf6
gxf6 28. Bc3 Rad8 29. Kf3 e5 30. Ke3 Rg8 31. Rd2 Rb8 32. Rxa2 Rxb3 33. Bxa5 f5
34. Rc2 e4 35. Bc3+ Rxc3 36. Rxc3 exd3 1/2-1/2

[Event "3MCR_4D_2LA_3S"]
[Site "?"]
[Date "1999.??.??"]
[Round "3"]
[White "Strnad, Jiri"]
[Black "Novak, Vaclav"]
[Result "1-0"]
[WhiteElo "1945"]
[BlackElo "1740"]
[PlyCount "45"]
[EventDate "1999.??.??"]
[EventType "corr"]

1. e4 g6 2. d4 Bg7 3. c3 d5 4. exd5 Qxd5 5. Bf4 c5 6. Bxb8 Rxb8 7. Qa4+ Bd7 8.
Qxa7 Rc8 9. dxc5 Rxc5 10. Nd2 Nh6 11. Rd1 O-O 12. Nc4 Qe6+ 13. Ne3 Re5 14. Nf3
Bc6 15. Nxe5 Qxe5 16. Be2 Nf5 17. O-O Nd6 18. f4 Qe6 19. Bg4 f5 20. Bf3 Ne4 21.
Rfe1 Bh6 22. Bxe4 Bxe4 23. Nd5 1-0

[Event "3MCR_4D_2LA_3S"]
[Site "?"]
[Date "1999.??.??"]
[Round "3"]
[White "Strnad, Jiri"]
[Black "Stanek, Miroslav"]
[Result "1-0"]
[WhiteElo "1945"]
[BlackElo "2000"]
[PlyCount "75"]
[EventDate "1999.??.??"]
[EventType "corr"]

1. e4 d5 2. exd5 Nf6 3. d4 Nxd5 4. c4 Nb6 5. Nf3 g6 6. Nc3 Bg7 7. h3 O-O 8. Be3
Nc6 9. Qd2 e5 10. d5 Ne7 11. O-O-O Nf5 12. g4 Nxe3 13. Qxe3 e4 14. Nxe4 f5 15.
gxf5 Bxf5 16. Ng3 Qf6 17. Nd4 Rae8 18. Ngxf5 Rxe3 19. Nxe3 c5 20. dxc6 bxc6 21.
c5 Na4 22. Rd2 Nxc5 23. Bg2 Rd8 24. Rhd1 Rxd4 25. Rxd4 Qxf2 26. Rd8+ Bf8 27.
Re8 Kf7 28. Rxf8+ Kxf8 29. Rf1 Nd3+ 30. Kb1 Qxf1+ 31. Bxf1 Nf4 32. Kc2 h5 33.
Kc3 Ke7 34. Kd4 Ne6+ 35. Ke5 Nc5 36. b4 Ne6 37. Bd3 Nf8 38. Be4 1-0

[Event "3MCR_4D_2LA_3S"]
[Site "?"]
[Date "1999.??.??"]
[Round "3"]
[White "Nemec, Zdenek"]
[Black "Efler, Ladislav"]
[Result "1/2-1/2"]
[WhiteElo "2135"]
[BlackElo "2200"]
[PlyCount "65"]
[EventDate "1999.??.??"]
[EventType "corr"]

1. e4 c5 2. c3 d5 3. exd5 Qxd5 4. d4 Nf6 5. Nf3 Bg4 6. Be2 e6 7. h3 Bh5 8. O-O
Nc6 9. Be3 cxd4 10. cxd4 Bb4 11. Nc3 Qa5 12. Qb3 O-O 13. a3 Bxc3 14. bxc3 Nd5
15. Rac1 Qb6 16. Qa2 Rac8 17. c4 Nxe3 18. fxe3 Rfd8 19. c5 Qa5 20. Rb1 Rd7 21.
Bb5 Bxf3 22. Rxf3 b6 23. cxb6 axb6 24. a4 Rdc7 25. Rbf1 Nd8 26. Qb3 Rc1 27. Qa3
Rxf1+ 28. Bxf1 Ra8 29. Qb2 Qxa4 30. Qxb6 Qc6 31. Qxc6 Nxc6 32. Kf2 Ra2+ 33. Ke1
1/2-1/2

[Event "3MCR_4D_2LA_3S"]
[Site "?"]
[Date "1999.??.??"]
[Round "3"]
[White "Vilimek, Pavel"]
[Black "Grulich, Jiri"]
[Result "1/2-1/2"]
[WhiteElo "2000"]
[BlackElo "2000"]
[PlyCount "54"]
[EventDate "1999.??.??"]
[EventType "corr"]

1. e4 e6 2. d4 d5 3. Nc3 Nf6 4. e5 Nfd7 5. f4 c5 6. Nf3 Nc6 7. Be3 cxd4 8. Nxd4
Bc5 9. Qd2 Nxd4 10. Bxd4 Bxd4 11. Qxd4 Qb6 12. Qxb6 Nxb6 13. Nb5 Ke7 14. Bd3
Bd7 15. Nd4 Na4 16. O-O-O Nc5 17. Rhf1 b6 18. f5 Nxd3+ 19. Rxd3 exf5 20. Nxf5+
Bxf5 21. Rxf5 h6 22. Kd2 Ke6 23. Rf2 Rac8 24. Rg3 Rhg8 25. Rgf3 Rc7 26. c3 Rf8
27. Re2 Rfc8 1/2-1/2

[Event "3MCR_4D_2LA_3S"]
[Site "?"]
[Date "1999.??.??"]
[Round "3"]
[White "Novak, Vaclav"]
[Black "Zidu, Jan"]
[Result "0-1"]
[WhiteElo "1740"]
[BlackElo "2000"]
[PlyCount "58"]
[EventDate "1999.??.??"]
[EventType "corr"]

1. d4 Nf6 2. c4 e6 3. Nf3 b6 4. g3 Ba6 5. Qc2 c5 6. Bg2 Bb7 7. O-O cxd4 8. Nxd4
Bxg2 9. Kxg2 Bc5 10. Nb3 Be7 11. Nc3 Qc8 12. Nd2 Qc6+ 13. e4 d5 14. exd5 exd5
15. cxd5 Nxd5 16. Qe4 Nxc3 17. bxc3 O-O 18. Re1 Re8 19. Nf3 Qxe4 20. Rxe4 Nd7
21. Bf4 Bf6 22. Rxe8+ Rxe8 23. Nd4 Nc5 24. Rd1 Rd8 25. Be3 h5 26. Rb1 Ne4 27.
Nc6 Rd7 28. Bd4 Rc7 29. Bxf6 Nxf6 0-1

[Event "3MCR_4D_2LA_3S"]
[Site "?"]
[Date "1999.??.??"]
[Round "3"]
[White "Stanek, Miroslav"]
[Black "Zidu, Jan"]
[Result "0-1"]
[WhiteElo "2000"]
[BlackElo "2000"]
[PlyCount "62"]
[EventDate "1999.??.??"]
[EventType "corr"]

1. d4 Nf6 2. c4 g6 3. Nf3 d5 4. cxd5 Nxd5 5. Qb3 Bg7 6. Nc3 Nxc3 7. bxc3 O-O 8.
e4 c5 9. d5 e6 10. Bc4 exd5 11. Bxd5 Nc6 12. O-O Qc7 13. Be3 b6 14. Rad1 Bg4
15. Rd2 Bxf3 16. gxf3 Rad8 17. Rfd1 Kh8 18. f4 f5 19. Qc2 fxe4 20. Qxe4 Ne7 21.
Be6 Rxd2 22. Rxd2 Bxc3 23. Rd7 Qc6 24. Qc4 Bf6 25. Rxa7 b5 26. Bd7 Qxd7 27.
Rxd7 bxc4 28. Rc7 Ra8 29. Bxc5 Nd5 30. Rc6 Rxa2 31. Bd6 c3 0-1

[Event "3MCR_4D_2LA_3S"]
[Site "?"]
[Date "1999.??.??"]
[Round "3"]
[White "Gresek, Jaromir"]
[Black "Hrubant, Miloslav"]
[Result "1-0"]
[WhiteElo "1800"]
[BlackElo "1800"]
[PlyCount "68"]
[EventDate "1999.??.??"]
[EventType "corr"]

1. e4 c5 2. Nf3 d6 3. d4 cxd4 4. Nxd4 Nf6 5. Nc3 a6 6. Be3 e5 7. Nf3 Qc7 8. a4
b6 9. Be2 Bb7 10. Nh4 Nbd7 11. f3 Rc8 12. O-O d5 13. exd5 Bc5 14. Bxc5 Qxc5+
15. Rf2 O-O 16. Nf5 g6 17. Ng3 Qd4 18. f4 Nxd5 19. Qxd4 exd4 20. Nxd5 Bxd5 21.
Bxa6 Rc7 22. Rd2 Nc5 23. Bf1 Ne6 24. f5 gxf5 25. Nxf5 Be4 26. Nxd4 Nxd4 27.
Rxd4 Bxc2 28. Rd6 Be4 29. Rxb6 Rc2 30. a5 Rd8 31. a6 Rdd2 32. Ra4 f5 33. Rxe4
fxe4 34. Rb8+ Kf7 1-0